Villes d'Outre-Mer par département - Statistiques

Statistiques générales
  • Ce quiz a été pris 72 fois
  • Le résultat moyen est 14 sur 25
Statistiques - réponses
Ville Population % Correct
Cayenne 63 468
98%
Fort-de-France 74 921
98%
Saint-Denis 154 765
98%
Mamoudzou 71 437
95%
Saint-Pierre 84 011
88%
Saint-Paul 105 240
83%
Les Abymes 52 118
81%
Kourou 24 612
77%
Le Tampon 81 943
77%
Saint-Laurent-du-Maroni 50 250
75%
Le Lamentin 39 641
58%
Sainte-Anne 24 281
50%
Dzaoudzi 17 381
48%
Saint-André 57 150
48%
Le Robert 21 305
44%
Baie-Mahault 30 909
38%
Le Gosier 21 184
38%
Schœlcher 19 341
38%
Koungou 32 156
36%
Remire-Montjoly 27 274
25%
Matoury 34 810
23%
Petit-Bourg 24 272
23%
Ducos 17 912
19%
Dembeni 15 848
11%
Bandraboua 13 989
8%
Aucun quiz correspondant
Distribution des résultats
% des personnes avec chaque résultat
Percentile par nombre de réponses
Votre historique - résultats
Vous n’avez pas pris ce quiz